Anatomy / (Record no. 92974)

MARC details
000 -LEADER
fixed length control field 00595nam a22002057a 4500
005 - DATE AND TIME OF LATEST TRANSACTION
control field 20180718175126.0
010 ## - LCCN (DPL NO)
LC control number ENG-112813
020 ## - INTERNATIONAL STANDARD BOOK NUMBER
Terms of availability 375.00
International Standard Book Number 9789383420032
035 ## - SYSTEM CONTROL NUMBER
System control number EN-96345,B-062632
037 ## - SOURCE OF ACQUISITION
Source of stock number/acquisition DBAD/PUB
082 ## - DEWEY DECIMAL CLASSIFICATION NUMBER
Classification number 611
100 ## - MAIN ENTRY--PERSONAL NAME
Personal name Mitra, Samarendra
245 ## - TITLE STATEMENT
Title Anatomy /
Statement of responsibility, etc by Samarendra Mitra
250 ## - EDITION STATEMENT
Edition statement 7th ed
260 ## - PUBLICATION, DISTRIBUTION, ETC. (IMPRINT)
Place of publication, distribution, etc Kolkata
Name of publisher, distributor, etc Academic Publishers
Date of publication, distribution, etc 2014(repr.)
270 ## - ADDRESS
Address 5A Bhawani Dutta Lane,
City Kolkata
Postal code 700073
300 ## - PHYSICAL DESCRIPTION
Extent various pagings. :
Dimensions 24cm(pbk)
Other physical details ill.(some col.)
500 ## - GENERAL NOTE
General note Includes index
942 ## - ADDED ENTRY ELEMENTS (KOHA)
Source of classification or shelving scheme Dewey Decimal Classification
Item type English Books
Call number suffix MIT
Classification part 611
Holdings
Withdrawn status Lost status Not for loan Collection code Home library Current library Date acquired Source of acquisition Cost, normal purchase price Full call number Barcode Copy number Cost, replacement price Koha item type
    Not For Loan Non-fiction D.B.Act.Division D.B.Act.Division 15/04/2015 DBAD/PUB 375.00 611 MIT EN-96345 1 375.00 English Books
      Non-fiction Patel Nagar Patel Nagar 18/07/2018 BPPD/PUB 225.00 611 MIT B-062632   225.00 English Books

© Delhi Public Library
Hit Counter
free hit counter